Rodiny s ďeťmi

Bibliographic Details
Main Authors: Bednárik, Rastislav, 1949- (Author), Žuffa, Jozef, 1978- (Author)
Format: Book
Language:Slovak
PhysicalDescription:83 strán tabuľky 21 cm
Published: Trnava Dobrá kniha 2019
ISBN:9788081912269
Edition:Prvé vydanie
Subjects:

MARC

LEADER 00000cam a2200000 4500
001 vtls011911626
003 SK-MaSNL
005 20260426013350.0
008 210624s2019 xo a grn 000 0 slo
015 |a SNBA2020/05 
020 |a 9788081912269  |q (brožované) 
035 |a C592A16B-D942-48F9-9691-816EF36D7E96 
035 |a urn:nbn:sk:snk-am3ifsz 
035 |a urn:nbn:sk:snk-am00e8o7 
040 |a SNK  |b slo  |c SNK  |e rda 
041 0 |a slo  |b eng 
043 |a e-xo--- 
044 |a xo  |c SK 
072 7 |a 314  |x Demografia. Populácia  |2 konspekt 
080 |a 316.356.2-053.2  |2 2011 
080 |a 314  |2 2011 
080 |a (437.6)  |2 2011 
080 |a (048.8)  |2 2011 
100 1 |a Bednárik, Rastislav,  |d 1949-  |4 aut  |9 5269 
245 1 0 |a Rodiny s ďeťmi  |c Rastislav Bednárik, Jozef Žuffa 
250 |a Prvé vydanie 
264 1 |a Trnava  |b Dobrá kniha  |c 2019 
300 |a 83 strán  |b tabuľky  |c 21 cm 
336 |a text  |b txt  |2 rdacontent 
337 |a bez média  |b n  |2 rdamedia 
338 |a zväzok  |b nc  |2 rdacarrier 
500 |a Vydané pre Teologickú fakultu Trnavskej univerzity 
500 |a Obsahuje poznámky pod čiarou 
504 |a Obsahuje bibliografiu na strane 78-79 ; bibliografické odkazy 
546 |a Anglické resumé 
650 0 7 |a rodiny s deťmi‬  |2 SNKPH  |9 4142 
650 0 7 |a Families with children  |2 SNKPHeng  |9 336994 
650 0 7 |a demografický výskum  |2 SNKPH  |9 4653 
650 0 7 |a Population reasearch  |2 SNKPHeng  |9 494826 
651 7 |a Slovensko  |2 SNKPHgeo  |9 14231 
651 7 |a Slovakia  |2 SNKPHeng  |9 92630 
655 7 |a monografie  |2 SNKPH  |9 70139 
655 7 |a Monographs  |2 SNKPHeng  |9 120675 
700 1 |a Žuffa, Jozef,  |d 1978-  |4 aut  |9 196881 
710 2 |a Trnavská univerzita v Trnave.  |b Teologická fakulta v Bratislave  |4 pbl  |9 119703 
919 |a 978-80-8191-226-9 
958 |a NB 
999 |c 1121321  |d 1123251 
952 |a SNK  |b SNK  |y PREZ  |7 0  |p 17A1425128  |o snkSC 188544  |i snk2020/7473  |8 0  |0 0  |1 0  |4 0  |d 2020-05-13  |f 1  |l 0  |r 2025-10-06 00:00:00  |w 2026-02-24 
952 |a SNK  |b SNK  |y VYP  |7 0  |p 17A1425129  |o snkSC 188544 D1  |i snk2020/7474  |8 0  |0 0  |1 0  |4 0  |d 2020-05-13  |l 0  |r 2026-02-24 18:31:31  |w 2026-02-24